Efectos del 1,25-dihidroxi-vitamina D3 sobre los flujos de calcio en tejido muscular /

INTRODUCCION: La vitamina D regula la homeostasis del calcio fósforo en los vertebrados, junto con la hormona paratiroidea y la calcitonina(1,2,3). En el siglo pasado el raquitismo y la osteomalacia eran enfemedades relativamente comunes en las zonas urbanas industrializadas. Palm en 1890 por primer...

Descripción completa

Guardado en:
Autor Principal: Selles Tasa, Juana.
Formato: Libro
Idioma:Spanish
Publicado: 1992.
Etiquetas: Agregar Etiqueta
Sin Etiquetas, Sea el primero en etiquetar este registro!
LEADER 03563nam a22001935a 4500
001 EUN.um029613
003 AR-BaUNS
005 20050623122905.0
008 041125s1992####ag#a#####bm###000#0#spa#d
245 1 0 |a Efectos del 1,25-dihidroxi-vitamina D3 sobre los flujos de calcio en tejido muscular /  |c Juana Selles Tasa. 
260 |c 1992. 
300 |a 190 h. :  |b ilus. ;  |c 29 cm. 
502 |a Tesis--Universidad Nacional del Sur, 1992. 
504 |a Incluye referencias bibliográficas. 
520 |a INTRODUCCION: La vitamina D regula la homeostasis del calcio fósforo en los vertebrados, junto con la hormona paratiroidea y la calcitonina(1,2,3). En el siglo pasado el raquitismo y la osteomalacia eran enfemedades relativamente comunes en las zonas urbanas industrializadas. Palm en 1890 por primera vez relacionó la falta de sol con la incidencia de raquitismo en la población (4), luego Huldschinsky observó la curación de raquitismo en pacientes irradiados con luz ultravioleta (5). Mc Collum aisló en alimentos un factor liposoluble antiraquitogénico que denominó "Vitamina D soluble en lípidos" (6). Fue Steembock que unió ambos conceptos, revirtiendo el raquitismo por administración de alimentos irradados con luz ultravioleta (7). En 1932 y 1934 Windaus y colaboradores establecieron la estructura química de la vitamina D2 y D3 identificándolas como secoesteroides (8,9). Nicolaysen en 1937 demostró que la vitamina era necesaria para la absorción de clacio en el intestino (10). El conocimiento del metabolismo de la vitamina D se desarrolló en forma notable a partir de 1963 cuando Norman y De Luca lograron sintetizar vitamina D2 y D3 maracadas con tritio, con una alta actividad específica que permitió efectuar estudios metabólicos (11). En la actualidad se sabe que la vitamina D es parte de un "sistema endócrino" comportándose como una prohormona, sintetizada endógenamente, que luego es metabolizada en el organismo dando origen a compuestos hormonalmente activos, ejerciendo su acción sobre órganos efectores por mecanismos similares a las de hormonas esteroidales clásicas(12) SINTESIS Y METABOLISMO DE LA VITAMINA D : Químicamente la vitamina D3 (colecalciferol) es un secoesteroide o sea un esteroide en el cual el anillo B se ha escindido. Okamura y colaboradores, empleando espectroscopía de resonancia magnética de protones de alta resolución concluyeron que la vitamina D en solución, se encuentra en equilibrio dinámico entre dos conformaciones "silla" del anillo A que se interconvierten constantemente varias veces por segundo (Fig. 1). Este hecho tendría importancia desde el punto de vista de la relación estructura-función (13,14). La vitamina D en el organismo tiene dos orígenes, la proveniente de la dieta, que se absorbe en el intestino delgado, pasando en forma de quilomicrones a la linfa y a la circulación general (15), y la sintetizada endógenamente como resultado de la acción de la irradiación ultravioleta de la piel. En la capa de células de Malpighi (12) se encuentra el 7- dehidrocolesterol, compuesto derivado del colesterol. Como se muestra en la Fig. 2, cuando el 7-dehidrocolesterol es irradiado con luz ultravioleta se produce la apertura del anillo B en el enlace 9- 10 como resultado de una reacción fotolítica, no enzimática originando la previtamina D3. Esta se convierte mediante isomerización térmica en vitamina D3. // 
100 1 |a Selles Tasa, Juana. 
082 0 4 |a 040 
082 0 4 |a 615.37 
859 |a Ar-BaUNS  |b BIB. CENTRAL - Tesis  |h 040  |i B148 1992-227  |k R  |p 101845/992